Art therapy
Guardat en:
| Autor principal: | |
|---|---|
| Format: | Llibre |
| Idioma: | anglès |
| Publicat: |
Sage Publications
2014
|
| Etiquetes: |
Afegir etiqueta
Sense etiquetes, Sigues el primer a etiquetar aquest registre!
|
MARC
| LEADER | 00000nam a22000007a 4500 | ||
|---|---|---|---|
| 008 | 201208b ||||| |||| 00| 0 eng d | ||
| 020 | |a 978-1-4462-0180-0 | ||
| 100 | |a EDWARDS, David G. | ||
| 245 | |a Art therapy |c David Edwards |e Creative therapies in practice |g ix: 189p; ill. | ||
| 260 | |b Sage Publications |c 2014 |h Los Angeles |i 692822 |i 692823 |l RC489 .A7Ed9 |m Art therapy. |m Arts – Therapeutic use | ||
| 942 | |a lcc |c BK |e YUNUSA, A.A. |f 8/12/2020 | ||
| 952 | |0 0 |1 0 |2 lcc |4 0 |7 0 |9 253 |a HOL |b ML |c QZ |d 2020-12-08 |o RC489 .A7Ed9 |p 2020-0194 |r 2020-12-08 00:00:00 |w 2020-12-08 |y BK | ||
| 952 | |0 0 |1 0 |2 lcc |4 0 |6 RC0489 A7 E D9 |7 0 |9 257 |a HOL |b ML |c QZ |d 2020-12-08 |l 0 |o RC489 .A7Ed9 |r 2020-12-08 00:00:00 |w 2020-12-08 |y BK | ||
| 999 | |c 100 |d 100 | ||